Gender, power, and communication in human relationships (Record no. 11224)
[ view plain ]
| 000 -LEADER | |
|---|---|
| fixed length control field | 00552nam a2200193Ia 4500 |
| 003 - CONTROL NUMBER IDENTIFIER | |
| control field | 0100 |
| 005 - DATE AND TIME OF LATEST TRANSACTION | |
| control field | 20190717125007.0 |
| 008 - FIXED-LENGTH DATA ELEMENTS--GENERAL INFORMATION | |
| fixed length control field | 130303s9999 xx 000 0 und d |
| 020 ## - INTERNATIONAL STANDARD BOOK NUMBER | |
| International Standard Book Number | 805814035 |
| 040 ## - CATALOGING SOURCE | |
| Transcribing agency | ARRUPELIB |
| 050 ## - LIBRARY OF CONGRESS CALL NUMBER | |
| Classification number | HM132.G44 1995 |
| 300 ## - PHYSICAL DESCRIPTION | |
| Other physical details | 366p. 24cm. |
| 245 ## - TITLE STATEMENT | |
| Title | Gender, power, and communication in human relationships |
| 260 ## - PUBLICATION, DISTRIBUTION, ETC. (IMPRINT) | |
| Place of publication, distribution, etc | Hillsdale |
| Name of publisher, distributor, etc | Erlbaum |
| Date of publication, distribution, etc | 1995 |
| 300 ## - PHYSICAL DESCRIPTION | |
| Extent | xiv |
| 440 ## - SERIES STATEMENT/ADDED ENTRY--TITLE | |
| Title | LEA's communication series |
| 9 (RLIN) | 47174 |
| 650 ## - SUBJECT ADDED ENTRY--TOPICAL TERM | |
| Topical term or geographic name as entry element | Sex differences (Psychology) |
| General subdivision | Interpersonal communication |
| 9 (RLIN) | 47175 |
| 700 ## - ADDED ENTRY--PERSONAL NAME | |
| Personal name | edited by Pamela J. Kalbfleisch, Micheal J. Cody , Kalbfleisch, Pamela J.Cody, Michael J |
| 9 (RLIN) | 47176 |
| 942 ## - ADDED ENTRY ELEMENTS (KOHA) | |
| Source of classification or shelving scheme | Library of Congress Classification |
| Koha item type | Monograph ( Printed materials) |
| Withdrawn status | Lost status | Source of classification or shelving scheme | Damaged status | Not for loan | Collection code | Home library | Current library | Shelving location | Date acquired | Total Checkouts | Full call number | Barcode | Date last seen | Date checked out | Copy number | Price effective from | Koha item type |
|---|---|---|---|---|---|---|---|---|---|---|---|---|---|---|---|---|---|
| Library of Congress Classification | Main Collection | ARRUPE LIBRARY | ARRUPE LIBRARY | 04/03/2013 | 1 | HM132.G44 1995 | 46003045684 | 27/09/2019 | 25/09/2019 | 1 | 04/03/2013 | Monograph ( Printed materials) |